000 00546nam a2200193Ia 4500
005 20250508162521.0
008 008 250505s9999 xx 000 0 eng d
020 _a0-571-11629-9
037 _aTextual
040 _aFEDL
_beng
_cFEDL
041 _aeng
_2eng
084 _a371.712, REI
_qFEDL
100 _aRelilly Thomas Ed.
_9773349
245 0 _aSports fitness and sports injuries
260 _aLondon, UK
_bFaber and Faber Limited
_c1981
300 _a293p.
942 _cTEXL
_h371.712, REI
999 _c1377042
_d1377042